000
00249nam a2200109Ia 4500
005
20251222114355.0
008
251222s1900||||xx |||||||||||||| ||spa||
082
_a
DVD0070/K26/2002
245
0
_a
Hombre sin pasado
264
_b
Sputnik Oy
942
_c
DVD
999
_c
1402
_d
1402